000 00433nam a2200157 i 4500
001 70351
003 ES-MaACL
005 20230906170808.0
007 t|
008 040722s1973 sp ||||1| spa d
100 1 _aGarcía-Salve, Francisco.
_955252
245 1 4 _aUna chica al este del sol /
_cFrancisco García-Salve.
260 _aMadrid :
_bStudium,
_c1973.
300 _a102 p. ;
_c22 cm.
852 _aES-MaACL
_jC-56110
_bR.88778
999 _c70351
_d70351